[Event "BIH-chT 29th"]
[Site "Bihac"]
[Date "2022.08.25"]
[Round "4.5"]
[White "Obuca, Bajro"]
[Black "Komic, Ibrahim"]
[Result "0-1"]
[WhiteElo "2008"]
[BlackElo "2199"]
[PlyCount "136"]
[EventDate "2022.08.23"]
[EventType "tourn"]
[EventRounds "9"]
[EventCountry "BIH"]
[SourceTitle "CBM 210 Extra"]
[Source "ChessBase"]
[SourceDate "2022.11.30"]
[SourceVersion "1"]
[SourceVersionDate "2022.11.30"]
[SourceQuality "1"]

1. e4 c5 2. Nf3 e6 3. d4 cxd4 4. Nxd4 a6 5. a3 Nf6 6. Nc3 Qc7 7. Be3 b5 8. Be2 Bb7 9. Bf3 d6 10. 0-0 Nbd7 11. Re1 Ne5 12. Qe2 Be7 13. Rad1 0-0 14. Bc1 Nfd7 15. Nb1 Rac8 16. c3 Nc5 17. Qc2 d5 18. exd5 Nxf3+ 19. Nxf3 Bxd5 20. Qe2 Qb7 21. Rd4 Nb3 22. Rg4 Nxc1 23. Rxc1 Rfd8 24. Qe5 f6 25. Qg3 Bd6 26. Qh3 Qf7 27. Nbd2 e5 28. Rh4 Be6 29. g4 Qg6 30. Qg2 h6 31. Re1 Bd5 32. Rh5 Bc5 33. Qg3 Qd3 34. h4 Bxf3 35. Nxf3 e4 36. Nd4 Qxg3+ 37. fxg3 Bxd4+ 38. cxd4 Rxd4 39. Re2 Kf7 40. Rf5 Re8 41. Kg2 Re5 42. Rf1 Ke6 43. Rc1 Rc4 44. Rd1 Rd5 45. Rde1 Ke5 46. Rf1 g6 47. Rf4 Rcd4 48. Kf2 h5 49. Kg2 f5 50. gxh5 gxh5 51. Ref2 Ke6 52. Kh3 b4 53. Rc2 bxa3 54. bxa3 Ra5 55. Rc6+ Rd6 56. Rc8 Rxa3 57. Ra8 Rf3 58. Rh8 Rxf4 59. gxf4 a5 60. Rxh5 a4 61. Rh8 Rd3+ 62. Kg2 Rf3 63. h5 Kf7 64. Ra8 Rxf4 65. Rxa4 Kf6 66. Ra6+ Kg5 67. h6 Rh4 68. Kg3 Rxh6 0-1

[Event "BIH-chT 29th"]
[Site "Bihac"]
[Date "2022.08.24"]
[Round "3.5"]
[White "Muratovic, Enver"]
[Black "Obuca, Bajro"]
[Result "1-0"]
[WhiteElo "2224"]
[BlackElo "2008"]
[PlyCount "73"]
[EventDate "2022.08.23"]
[EventType "tourn"]
[EventRounds "9"]
[EventCountry "BIH"]
[SourceTitle "CBM 210 Extra"]
[Source "ChessBase"]
[SourceDate "2022.11.30"]
[SourceVersion "1"]
[SourceVersionDate "2022.11.30"]
[SourceQuality "1"]

1. e4 e5 2. Nf3 Nc6 3. Bb5 a6 4. Ba4 Nf6 5. 0-0 b5 6. Bb3 Be7 7. Re1 d6 8. c3 Na5 9. Bc2 c5 10. d4 Qc7 11. h3 Nc4 12. Nbd2 Nxd2 13. Bxd2 0-0 14. d5 Bd7 15. Nh2 g6 16. Bh6 Rfe8 17. g4 Reb8 18. Qd2 Ne8 19. Rf1 f6 20. f4 Ng7 21. f5 Rf8 22. Rf2 Rf7 23. Raf1 Raf8 24. Nf3 Qd8 25. Nh4 g5 26. Nf3 Kh8 27. h4 gxh4 28. Rh2 Rg8 29. Rxh4 Ne8 30. Kf2 Bf8 31. Be3 Rfg7 32. Rfh1 Qe7 33. Ke1 Rxg4 34. Rxh7+ Qxh7 35. Rxh7+ Kxh7 36. Qh2+ Kg7 37. Qh5 1-0

[Event "BIH-chT2"]
[Site "Bosna"]
[Date "2017.08.26"]
[Round "3.1"]
[White "Obuca, Bajro"]
[Black "Hadzic, Sabahet"]
[Result "1/2-1/2"]
[WhiteElo "2131"]
[BlackElo "2019"]
[PlyCount "35"]
[EventDate "2017.08.25"]
[EventType "team-tourn"]
[EventRounds "9"]
[EventCountry "BIH"]
[SourceTitle "EXT 2019"]
[Source "ChessBase"]
[SourceDate "2018.10.10"]
[SourceVersion "1"]
[SourceVersionDate "2018.10.10"]
[SourceQuality "1"]

1. e4 c5 2. Nf3 Nc6 3. d4 cxd4 4. Nxd4 g6 5. Nxc6 dxc6 6. Qxd8+ Kxd8 7. Bc4 e6 8. Be3 Bg7 9. c3 Nf6 10. f3 Nd7 11. Nd2 Kc7 12. a4 b6 13. 0-0-0 Bb7 14. Nb3 Rad8 15. a5 Ne5 16. Be2 c5 17. Rxd8 Rxd8 18. Rd1 1/2-1/2

[Event "Lukavac op 5th"]
[Site "Lukavac"]
[Date "2016.11.25"]
[Round "2"]
[White "Obuca, Bajro"]
[Black "Barisic, Predrag"]
[Result "1/2-1/2"]
[WhiteElo "2114"]
[BlackElo "1954"]
[PlyCount "32"]
[EventDate "2016.11.24"]
[EventType "swiss"]
[EventRounds "7"]
[EventCountry "BIH"]
[SourceTitle "EXT 2019"]
[Source "ChessBase"]
[SourceDate "2018.10.10"]
[SourceVersion "1"]
[SourceVersionDate "2018.10.10"]
[SourceQuality "1"]

1. e4 e5 2. Nf3 Nc6 3. Bc4 Nf6 4. d3 d5 5. exd5 Nxd5 6. h3 Bc5 7. 0-0 0-0 8. Re1 Be6 9. Bg5 Qd7 10. Nbd2 Bb6 11. Qe2 f6 12. Be3 Rad8 13. Bxd5 Bxd5 14. Bxb6 axb6 15. a3 b5 16. Rad1 Rfe8 1/2-1/2

[Event "BIH-chT 11th"]
[Site "Jahorina"]
[Date "2012.06.03"]
[Round "2.4"]
[White "Kekic, Armin"]
[Black "Obuca, Bajro"]
[Result "1-0"]
[WhiteElo "2227"]
[BlackElo "2178"]
[PlyCount "131"]
[EventDate "2012.06.02"]
[EventType "team-tourn"]
[EventRounds "9"]
[EventCountry "BIH"]
[SourceTitle "CBM 148 Extra"]
[Source "ChessBase"]
[SourceDate "2012.06.22"]
[SourceVersion "1"]
[SourceVersionDate "2012.06.22"]
[SourceQuality "1"]
[WhiteTeam "Bihac"]
[BlackTeam "Gorazde"]
[WhiteTeamCountry "BIH"]
[BlackTeamCountry "BIH"]

1. e4 e5 2. Nf3 Nc6 3. Bb5 a6 4. Ba4 Nf6 5. 0-0 b5 6. Bb3 Be7 7. Re1 d6 8. c3 Na5 9. Bc2 c5 10. d4 Qc7 11. h3 0-0 12. Nbd2 Re8 13. Nf1 Nc4 14. Ng3 g6 15. a4 Bd7 16. b3 Na5 17. axb5 axb5 18. Be3 Rec8 19. d5 Nb7 20. Qe2 Ra5 21. Nd2 Rca8 22. Rab1 Ra2 23. Bd3 b4 24. cxb4 cxb4 25. Rec1 Nc5 26. Ngf1 Nh5 27. Bb5 Nf4 28. Qc4 Bxb5 29. Qxb5 Rb8 30. Qc4 Qd7 31. Ra1 Rxa1 32. Rxa1 Nfd3 33. Nf3 Kg7 34. N1d2 h6 35. Ne1 Nxe1 36. Rxe1 Qa7 37. Bxc5 dxc5 38. Qd3 Bg5 39. Nc4 Bf6 40. Rc1 Qa2 41. d6 Rd8 42. g3 h5 43. h4 Qa7 44. Qe3 Qa2 45. Rd1 Ra8 46. Kg2 Rd8 47. Rd5 Qb1 48. Nd2 Qb2 49. Nc4 Qb1 50. d7 Ra8 51. Nd2 Qb2 52. Rxc5 Ra1 53. Rc8 Rd1 54. d8Q Bxd8 55. Rxd8 Qc1 56. Rd5 Rh1 57. Kf3 Rh2 58. Qe2 Qh1+ 59. Ke3 f5 60. Rd7+ Kh6 61. Nf3 Qc1+ 62. Qd2 f4+ 63. Ke2 Qc6 64. Nxh2 Qxe4+ 65. Kd1 Qh1+ 66. Kc2 1-0

[Event "BIH-chT 11th"]
[Site "Jahorina"]
[Date "2012.06.02"]
[Round "1.2"]
[White "Obuca, Bajro"]
[Black "Burovic, Ismet"]
[Result "0-1"]
[WhiteElo "2178"]
[BlackElo "2319"]
[PlyCount "60"]
[EventDate "2012.06.02"]
[EventType "team-tourn"]
[EventRounds "9"]
[EventCountry "BIH"]
[SourceTitle "CBM 148 Extra"]
[Source "ChessBase"]
[SourceDate "2012.06.22"]
[SourceVersion "1"]
[SourceVersionDate "2012.06.22"]
[SourceQuality "1"]
[WhiteTeam "Gorazde"]
[BlackTeam "Sarajevo Slavija"]
[WhiteTeamCountry "BIH"]
[BlackTeamCountry "BIH"]

1. e4 c6 2. d4 d5 3. exd5 cxd5 4. c3 Nf6 5. Bd3 Nc6 6. Nf3 Bg4 7. h3 Bh5 8. 0-0 e6 9. Bf4 Bd6 10. Bxd6 Qxd6 11. Nbd2 g5 12. g4 Bg6 13. Bxg6 hxg6 14. Kg2 Qf4 15. Ng1 Nxg4 16. Qxg4 Qxd2 17. Nf3 Qf4 18. Nxg5 Qf6 19. Rae1 Ne7 20. Re5 Nf5 21. f4 0-0-0 22. Qe2 Rh5 23. Kh2 Rdh8 24. Rf3 Nh6 25. Qg2 Rh4 26. Kg3 Qe7 27. Qe2 f6 28. Rxe6 Qd8 29. Nh7 Nf5+ 30. Kg2 R4xh7 0-1

[Event "BIH-chT2"]
[Site "Tuzla"]
[Date "2010.07.19"]
[Round "3"]
[White "Brkic, Mustafa"]
[Black "Obuca, Bajro"]
[Result "0-1"]
[WhiteElo "2083"]
[BlackElo "2181"]
[PlyCount "78"]
[EventDate "2010.07.18"]
[EventType "team-swiss"]
[EventRounds "9"]
[EventCountry "BIH"]
[SourceTitle "CBM 137 Extra"]
[Source "ChessBase"]
[SourceDate "2010.09.01"]
[SourceVersion "1"]
[SourceVersionDate "2010.09.01"]
[SourceQuality "1"]

1. b3 d5 2. e3 e6 3. d4 Nf6 4. Nf3 Nbd7 5. Bd3 Bd6 6. 0-0 h6 7. Ba3 Qe7 8. Qc1 e5 9. Bxd6 Qxd6 10. dxe5 Nxe5 11. Nbd2 0-0 12. Qb2 Nxd3 13. cxd3 Re8 14. Qc3 Bg4 15. Rfc1 c6 16. a4 Rac8 17. b4 b6 18. d4 Bxf3 19. gxf3 Nd7 20. a5 c5 21. axb6 axb6 22. dxc5 bxc5 23. b5 Qb6 24. Rcb1 d4 25. Qc2 dxe3 26. fxe3 c4 27. Nf1 c3 28. Qe2 Ne5 29. Ra6 Qb7 30. e4 Red8 31. Kg2 Ng6 32. Qa2 Nf4+ 33. Kh1 c2 34. Rc1 Rd1 35. Ra7 Rxc1 36. h4 Rxf1+ 37. Kh2 Qxa7 38. Qxa7 c1Q 39. h5 Rxf3 0-1

[Event "BIH-chT2"]
[Site "Tuzla"]
[Date "2010.07.18"]
[Round "1"]
[White "Zlobec, Srdjan"]
[Black "Obuca, Bajro"]
[Result "1/2-1/2"]
[WhiteElo "2182"]
[BlackElo "2181"]
[PlyCount "88"]
[EventDate "2010.07.18"]
[EventType "team-swiss"]
[EventRounds "9"]
[EventCountry "BIH"]
[SourceTitle "CBM 137 Extra"]
[Source "ChessBase"]
[SourceDate "2010.09.01"]
[SourceVersion "1"]
[SourceVersionDate "2010.09.01"]
[SourceQuality "1"]

1. d4 d5 2. Nf3 Nf6 3. e3 e6 4. Bd3 Bd6 5. 0-0 Nbd7 6. b3 0-0 7. Bb2 b6 8. Nbd2 Bb7 9. Ne5 h6 10. f4 c5 11. Qe2 cxd4 12. exd4 Rc8 13. a3 Qe7 14. Rf3 Rc7 15. Rg3 Rfc8 16. c4 a5 17. a4 Bb4 18. Nf1 Nf8 19. Ne3 dxc4 20. N3xc4 Rd8 21. Ng4 Nxg4 22. Qxg4 f5 23. Qh5 Qf6 24. Rf1 Bd5 25. Nxb6 Bxb3 26. Bb5 Bc2 27. Nc4 Rd5 28. Ne3 Be4 29. Nxd5 Bxd5 30. Qe2 Kh7 31. Qe3 Bd6 32. Ba3 Bxa3 33. Qxa3 Qxd4+ 34. Qe3 Qf6 35. Be8 Rc4 36. Qa7 Qd4+ 37. Qxd4 Rxd4 38. Re3 Ng6 39. Bxg6+ Kxg6 40. Ra3 Rd2 41. Rf2 Rd1+ 42. Rf1 Rd2 43. Rf2 Rd1+ 44. Rf1 Rd2 1/2-1/2

[Event "BIH CFFBH-chT1"]
[Site "Cazin"]
[Date "2009.06.27"]
[Round "1"]
[White "Obuca, Bajro"]
[Black "Mestrovic, Zvonimir"]
[Result "0-1"]
[WhiteElo "2168"]
[BlackElo "2331"]
[PlyCount "100"]
[EventDate "2009.06.27"]
[EventType "team-tourn"]
[EventRounds "9"]
[EventCountry "BIH"]
[SourceTitle "EXT 2019"]
[Source "ChessBase"]
[SourceDate "2018.10.10"]
[SourceVersion "1"]
[SourceVersionDate "2018.10.10"]
[SourceQuality "1"]

1. e4 Nc6 2. d4 d6 3. c3 Nf6 4. Bd3 e5 5. d5 Ne7 6. Ne2 Ng6 7. f3 Be7 8. Be3 0-0 9. Qd2 h6 10. c4 Nh7 11. Nbc3 Bg5 12. 0-0-0 a6 13. Bxg5 hxg5 14. g4 Nh4 15. Rdf1 g6 16. Ng3 Kg7 17. Rf2 Rh8 18. a3 Nf8 19. Rhf1 Nd7 20. Nce2 a5 21. Qc3 Kg8 22. Kb1 a4 23. Bc2 Nc5 24. f4 gxf4 25. Nxf4 Bxg4 26. Nfe2 Rh7 27. Qe3 Rb8 28. Nc3 Bd7 29. Rf6 Bh3 30. R1f2 Nd7 31. R6f5 Ng2 32. Qd2 gxf5 33. exf5 Nf4 34. f6 Rh6 35. Nce4 Nxf6 36. Rxf4 exf4 37. Qxf4 Rg6 38. Ng5 Rg7 39. Nxh3 Nd7 40. Nf5 Qf6 41. Bxa4 Rg2 42. Nf2 Ne5 43. Bc2 Qg5 44. Qd4 Re8 45. h4 Rg1+ 46. Ka2 Qc1 47. Qe4 Kf8 48. Kb3 Nd7 49. Qd4 Nc5+ 50. Kb4 Re5 0-1

[Event "BIH-chT1"]
[Site "Neum"]
[Date "2008.08.29"]
[Round "9.2"]
[White "Terzic, Safet"]
[Black "Obuca, Bajro"]
[Result "1/2-1/2"]
[WhiteElo "2246"]
[BlackElo "2137"]
[PlyCount "20"]
[EventDate "2008.08.23"]
[EventType "team"]
[EventRounds "9"]
[EventCountry "BIH"]
[SourceTitle "CBM 126 Extra"]
[Source "ChessBase"]
[SourceDate "2008.11.05"]
[SourceVersion "1"]
[SourceVersionDate "2008.11.05"]
[SourceQuality "1"]

1. e4 e5 2. Nf3 Nc6 3. Bb5 a6 4. Ba4 Nf6 5. d3 b5 6. Bb3 Be7 7. 0-0 d6 8. c3 Na5 9. Bc2 c5 10. d4 Bg4 1/2-1/2

[Event "BIH-chT1"]
[Site "Neum"]
[Date "2008.08.25"]
[Round "4.2"]
[White "Obuca, Bajro"]
[Black "Vlatkovic, Sinisa"]
[Result "1/2-1/2"]
[WhiteElo "2137"]
[BlackElo "2335"]
[PlyCount "22"]
[EventDate "2008.08.23"]
[EventType "team"]
[EventRounds "9"]
[EventCountry "BIH"]
[SourceTitle "CBM 126 Extra"]
[Source "ChessBase"]
[SourceDate "2008.11.05"]
[SourceVersion "1"]
[SourceVersionDate "2008.11.05"]
[SourceQuality "1"]

1. e4 d6 2. d4 Nf6 3. f3 e5 4. dxe5 dxe5 5. Qxd8+ Kxd8 6. Bc4 Ke8 7. Be3 Nbd7 8. Nc3 c6 9. a4 Bc5 10. Bxc5 Nxc5 11. Nge2 Ke7 1/2-1/2

[Event "BIH-chT 5th"]
[Site "Banja Vrucica"]
[Date "2006.06.26"]
[Round "9"]
[White "Gavric, Miladin"]
[Black "Obuca, Bajro"]
[Result "1-0"]
[WhiteElo "2399"]
[BlackElo "2133"]
[PlyCount "64"]
[EventDate "2006.06.18"]
[EventType "team-tourn"]
[EventRounds "9"]
[EventCountry "BIH"]
[SourceTitle "EXT 2019"]
[Source "ChessBase"]
[SourceDate "2018.10.10"]
[SourceVersion "1"]
[SourceVersionDate "2018.10.10"]
[SourceQuality "1"]
[WhiteTeam "Banja Luka"]
[BlackTeam "Gorazde"]
[WhiteTeamCountry "BIH"]
[BlackTeamCountry "BIH"]

1. e4 e5 2. Nf3 Nc6 3. Bb5 a6 4. Ba4 Nf6 5. d3 b5 6. Bb3 Be7 7. a4 b4 8. Nbd2 0-0 9. Nc4 d6 10. h3 h6 11. 0-0 Be6 12. a5 Rb8 13. Be3 Rb7 14. Re1 Na7 15. Bxa7 Rxa7 16. d4 exd4 17. Nxd4 Bd7 18. e5 Nh7 19. exd6 Bf6 20. Ne5 Bxe5 21. Rxe5 cxd6 22. Re3 Nf6 23. Qd2 Rb7 24. Bc4 Qa8 25. Rae1 d5 26. Bd3 Qa7 27. Rf3 Ne4 28. Bxe4 dxe4 29. Rxe4 Qc5 30. Rg3 Kh8 31. Rh4 Qd6 32. Rxg7 Kxg7 1-0